00299nam a2200109Ia 4500003000400000008004100004040001600045082001600061245004800077260005300125300001100178GCL140319s9999 xx 000 0 eng d aGCL / cGCL04a658.049bKI10aInternational Business: Theory And practice a[S.N] : bMacmillan Publishing Company ، c1992 a707 PP